Sports Quiz

Random Sports or Football Quiz

Jammed at the Line Quiz Stats

 Plays Quiz not verified by Sporcle

Challenge
Share
Tweet
Score 0/47 Timer 10:00
0 Plays Today
Year Dallas Cowboys % Correct
2010Miles Austin
84.6%
2010Jason Witten
84.6%
2010Roy E. Williams
76.9%
2008Terrell Owens
76.9%
2004Randal Williams
76.9%
2010Dez Bryant
61.5%
2004Antonio Bryant
61.5%
2003Zuriel Smith
61.5%
2005Keyshawn Johnson
57.7%
1999Michael Irvin
53.8%
2009Patrick Crayton
46.2%
1999Deion Sanders
42.3%
2010Martellus Bennet
38.5%
2010Sam Hurd
34.6%
2006Terry Glenn
34.6%
2003Joey Galloway
30.8%
2010Kevin Ogletree
11.5%
2007Anthony Fasano
11.5%
2001Jackie Harris
11.5%
2009John Phillips
7.7%
2005Dan Campbell
7.7%
2005Terrence Copper
7.7%
2001Rocket Ismail
7.7%
2000David LaFleur
7.7%
Year Dallas Cowboys % Correct
2008Tony Curtis
3.8%
2005Peerless Price
3.8%
2005Brett Pierce
3.8%
2004Quincy Morgan
3.8%
2004 Jeff Robinson
3.8%
2004Dedric Ward
3.8%
2002Tony Mcgee
3.8%
2002Darnay Scott
3.8%
2002Ken-yon Rambo
3.8%
2002Reggie Swinton
3.8%
2000James Mcknight
3.8%
2008Isiah Stanback
0%
2002James Whalen
0%
2002Mike Lucky
0%
2001Darren Chiaverini
0%
2001Johnny Huggins
0%
2001Wayne Mcgarity
0%
2000Jason Tucker
0%
2000Damon Hodge
0%
2000Chris Brazzell
0%
1999Ernie Mills
0%
1999Jeff Ogden
0%
1999Eric Bjornson
0%

You're not logged in!

Compare scores with friends on all Sporcle quizzes.
Join for Free
OR
Log In

You Might Also Like...

Show Comments

Extras

Top Quizzes Today


Score Distribution

Your Account Isn't Verified!

In order to create a playlist on Sporcle, you need to verify the email address you used during registration. Go to your Sporcle Settings to finish the process.

Report this User

Report this user for behavior that violates our Community Guidelines.

Details: